000 00670nam a2200229 a 4500
005 20140310183623.0
008 121023s19uu xx 00 eng d
020 _a9781442528000
050 _aHF 5681.W3
_b.W746 2011
100 _aWilson, Valerie
245 _aAccounting :
_bA practical approach /
_cValerie Wilson, Suellen Freeman, John Freeman.
250 _a3rd ed.
260 _aFrenchs Forest, N.S.W :
_bPearson Australia,
_c2011.
300 _a682 p. :
_bill. col. ;
_c27 cm.
500 _aIncludes index
521 _aBSA
650 _aAccounting
700 _aFreeman, Suellen
700 _aFreeman, John
942 _cBK
_2lcc
_kFOR
999 _c25456
_d25456